| 000 | 01028cam a2200313 i 4500 | ||
|---|---|---|---|
| 001 | 18511562 | ||
| 003 | EG-ScBUE | ||
| 005 | 20250216093525.0 | ||
| 008 | 150302t2014 nyua f b 000 0 eng d | ||
| 020 | _a9780071834421 | ||
| 020 | _a0071834427 | ||
| 040 |
_aYDXCP _beng _erda _cYDXCP _dBDX _dBTCTA _dOCLCO _dOCLCQ _dOCLCF _dRCE _dOCL _dDLC _dEG-ScBUE |
||
| 082 | 0 | 4 |
_a658.202 _bMEA _222 |
| 100 | 1 |
_aMeadows, Dru, _eauthor. _937744 |
|
| 245 | 1 | 0 |
_aPerparing a building service life plan for green buildings / _cDru Meadows. |
| 264 | 1 |
_aNew York : _bMcgraw-Hill Education, _c[2014] |
|
| 264 | 4 | _cc2014 | |
| 300 |
_ax, 144 pages : _btables ; _c24 cm |
||
| 336 |
_2rdacontent _atext _btxt |
||
| 337 |
_2rdamedia _aunmediated _bn |
||
| 338 |
_2rdacarrier _avolume _bnc |
||
| 504 | _aIncludes bibliographical references. | ||
| 650 | 7 |
_aBuilding management. _2BUEsh _937745 |
|
| 650 | 7 |
_aSustainable architecture. _2BUEsh _912568 |
|
| 653 |
_bENGARC _cApril2015 |
||
| 655 | _vReading book | ||
| 942 |
_2ddc _cBB |
||
| 999 |
_c19224 _d19196 |
||